000 00441nam a2200169Ia 4500
005 20260429111939.0
008 260429s9999||||xx |||||||||||||| ||und||
020 _a9788184115444
041 _aEnglish
082 _a572
_bSRI
100 _aSriharsha, S.N.
245 0 _aAdvances in biochemistry /
_cS.N. Sriharsha
260 _aNew Delhi :
_bSonali Publications,
_c2025.
300 _a299 p.; hb
650 _aBiochemistry
942 _cTB
999 _c51562
_d51562